Countries of the World without A - Statistics

General Stats
  • This quiz has been taken 40 times
  • The average score is 18 of 28
Answer Stats
Country % Correct
Egypt
88%
Chile
78%
Djibouti
78%
Fiji
78%
Greece
78%
Benin
75%
Lesotho
75%
Togo
72%
Belgium
69%
Belize
69%
Liechtenstein
69%
Mexico
69%
Sweden
69%
Yemen
69%
Peru
66%
Kosovo
63%
Montenegro
63%
Turkey
63%
Burundi
59%
Comoros
59%
Luxembourg
59%
Cyprus
56%
Morocco
56%
Niger
56%
Philippines
56%
Brunei
50%
Congo, Republic of
44%
Seychelles
44%
No matching quizzes found
Score Distribution
Percent of People with Each Score
Percentile by Number Answered
Your Score History
You have not taken this quiz